Nebáli sa a zachránili Pigi čaj

Bibliographic Details
Main Author: Nemec, Marek (Author)
Format: Article
Language:Slovak
PhysicalDescription:Fotogr.
ISSN:1335-4701
Subjects:

MARC

LEADER 00000nab a2200000 ar4500
001 vtls011577615
003 SK-MaSNL
005 20260305010120.0
008 160905c2016 xo dr|p|||||||000 b|slo
038 |a PPPK 
040 |a PPPKCL  |b slo  |c PPPKCL  |e AACR2 
041 0 |a slo 
044 |a xo  |c SK 
080 |a 663/664  |2 2001 
100 1 |a Nemec, Marek  |4 aut  |9 275857 
245 1 0 |a Nebáli sa a zachránili Pigi čaj  |c Marek Nemec, tj ; [Snímka] archív BOP 
300 |b Fotogr. 
610 2 7 |a Baliarne obchodu (Poprad, Slovensko)  |2 pppkcl  |9 33166 
650 0 7 |a potravinársky priemysel  |2 pppkcl  |9 974 
651 7 |a Poprad (Slovensko)  |2 pppkcl  |9 20155 
773 0 |t Hospodárske noviny : obsah rozhoduje  |g Roč. 24, č. 84 (3.5.2016), s. 13  |x 1335-4701 
852 |a PPPK  |b KIS3GCP 
999 |c 3244733  |d 3246663